Commandes Linux de base - Statistiques

Statistiques générales
  • Ce quiz a été pris 166 fois
  • Le résultat moyen est 15 sur 24
Statistiques - réponses
Description Commande % Correct
Changer de répertoire cd
98%
Lister les fichiers et dossiers ls
97%
Copier un fichier cp
93%
Supprimer un fichier rm
93%
Créer un nouveau dossier mkdir
92%
Déplacer un fichier mv
87%
Afficher le contenu d’un fichier cat
78%
Créer un fichier vide touch
74%
Changer les permissions d’un fichier chmod
70%
Supprimer un dossier et son contenu rm -r
70%
Afficher le manuel d’une commande man
69%
Afficher le chemin du répertoire courant pwd
69%
Afficher les dernières lignes d’un fichier tail
62%
Arrêter un processus avec son PID kill
61%
Afficher les premières lignes d’un fichier head
60%
Trouver un mot dans un fichier grep
56%
Afficher l’historique des commandes history
56%
Changer le propriétaire d’un fichier chown
51%
Voir les processus en cours ps
50%
Télécharger un fichier depuis un lien wget
44%
Afficher l’adresse IP ip a
43%
Afficher l’espace disque utilisé df
28%
Afficher l’espace utilisé par un dossier du
26%
Extraire une archive tar.gz tar -xvzf
11%
Aucun quiz correspondant
Distribution des résultats
% des personnes avec chaque résultat
Percentile par nombre de réponses
Votre historique - résultats
Vous n’avez pas pris ce quiz